AI and emotional intelligence for modern business management

Saved in:
Bibliographic Details
Other Authors Bhardwaj, Bhawana (Editor), Sharma, Dipanker, 1982- (Editor), Dhiman, Mohinder Chand, 1967- (Editor)
Format Electronic eBook
LanguageEnglish
Published Hershey, PA : IGI Global, Business Science Reference, an imprint of IGI Global, [2023]
SeriesAdvances in logistics, operations, and management science (ALOMS) book series.
Subjects
Online AccessFull text
ISBN9798369304204
9798369304211
9798369304181
9798369304198
Physical Description1 online zdroj (xxii, 415 stran) : ilustrace, mapy.

Cover

LEADER 00000cam a2200000 i 4500
001 111157
003 CZ-ZlUTB
005 20260608091437.0
006 m o d
007 cr cnu---unuuu
008 230828s2023 pauab fo 001 0 eng
020 |a 9798369304204  |q (electronic book) 
020 |a 9798369304211  |q (electronic book) 
020 |z 9798369304181  |q (hardcover) 
020 |z 9798369304198  |q (paperback) 
024 7 |a 10.4018/979-8-3693-0418-1  |2 doi 
035 |a (OCoLC)1395549640  |z (OCoLC)1404845113  |z (OCoLC)1406409765 
040 |a DLC  |b eng  |c DLC  |d OCLCO  |d N$T  |d YDX  |d IGIGL  |d OCLCF  |d EBLCP  |d WAU  |d OCLCQ  |e rda 
042 |a pcc 
072 7 |a 005  |x Management. Řízení  |2 Konspekt  |9 4 
080 |a 004.8  |2 MRF 
080 |a 159.942  |2 MRF 
080 |a 658  |2 MRF 
080 |a 005  |2 MRF 
080 |a 001.895  |2 MRF 
080 |a (0.034.2:08)  |2 MRF 
080 |a (082)  |2 MRF 
245 0 0 |a AI and emotional intelligence for modern business management /  |c [edited by] Bhawana Bhardwaj, Dipanker Sharma, Mohinder Chand Dhiman. 
246 3 |a Artificial intelligence and emotional intelligence for modern business management 
264 1 |a Hershey, PA :  |b IGI Global, Business Science Reference, an imprint of IGI Global,  |c [2023] 
300 |a 1 online zdroj (xxii, 415 stran) :  |b ilustrace, mapy. 
336 |a text  |b txt  |2 rdacontent 
337 |a počítač  |b c  |2 rdamedia 
338 |a online zdroj  |b cr  |2 rdacarrier 
490 1 |a Advances in logistics, operations, and management science (ALOMS) book series 
500 |a "Premier reference source" - front cover. 
504 |a Obsahuje bibliografické odkazy a index. 
506 |a Plný text je dostupný pouze z IP adres počítačů Univerzity Tomáše Bati ve Zlíně nebo vzdáleným přístupem pro zaměstnance a studenty 
590 |a eBooks on EBSCOhost  |b All EBSCO eBooks 
650 0 7 |a umělá inteligence  |7 ph116536  |2 czenas 
650 0 7 |a emoční inteligence  |7 ph119926  |2 czenas 
650 0 7 |a podnikový management  |7 ph115763  |2 czenas 
650 0 7 |a management  |7 ph115217  |2 czenas 
650 0 7 |a inovace  |7 ph121118  |2 czenas 
650 0 9 |a artificial intelligence  |2 eczenas 
650 0 9 |a emotional intelligence  |2 eczenas 
650 0 9 |a industrial management  |2 eczenas 
650 0 9 |a management  |2 eczenas 
650 0 9 |a innovations  |2 eczenas 
655 7 |a elektronické knihy  |7 fd186907  |2 czenas 
655 7 |a sborníky  |7 fd163935  |2 czenas 
655 9 |a electronic books  |2 eczenas 
655 9 |a papers of several authors  |2 eczenas 
700 1 |a Bhardwaj, Bhawana,  |e editor. 
700 1 |a Sharma, Dipanker,  |d 1982-  |e editor. 
700 1 |a Dhiman, Mohinder Chand,  |d 1967-  |e editor. 
776 0 8 |i Print version:  |t AI and emotional intelligence for modern business management  |d Hershey, PA : Business Science Reference, [2024]  |z 9798369304181  |w (DLC) 2023033715 
830 0 |a Advances in logistics, operations, and management science (ALOMS) book series. 
856 4 0 |u https://search.ebscohost.com/login.aspx?direct=true&scope=site&db=nlebk&AN=3707615&authtype=ip,shib&custid=s3936755 
942 |2 udc 
992 |c EBOOK-TN  |c EBSCO 
993 |x NEPOSILAT  |y EIZ 
999 |c 111157  |d 111157